عرض عادي
عرض مارك
- McCracken, William L.
مدخل إسم شخص
001 - رقم الضبط
- حقل الضبط: 56569
003 - معرف رقم الضبط
- حقل الضبط: OSt
005 - تاريخ ووقت أخر عملية
- حقل الضبط: 20161122120332.0
008 - عناصر بيانات ثابتة الطول
- حقل تحكم ثابت الطول: 161122|| aca||aabn | a|a d
040 ## - مصدر الفهرسة
- هيئة الفهرسة الأصلية: OSt
- وكالة الكتابة: OSt
100 ## - مدخل -- أسم شخص
- إسم شخص: McCracken, William L.
670 ## - بيانات المصدر موجوده
- الاستشهاد بالمصدر: Work cat.: (OSt)0: McCracken, William L., McCracken's removable partial prosthodontics., c2011.
